Fiscal discipline and the cost of public debt service some estimates for OECD countries

Salvato in:
Dettagli Bibliografici
Autore principale: Caselli, Francesco
Altri autori: Giovannini, Alberto, Lane, Timothy
Natura: Libro
Lingua:inglese
Pubblicazione: Washington IMF 1998
Serie:IMF Working Paper 55
Soggetti:
Tags: Aggiungi Tag
Nessun Tag, puoi essere il primo ad aggiungerne!!

MARC

LEADER 00000nam a2200000 4500
001 c102600
005 20221221082400.4
041 0 |a eng 
044 |a US 
245 1 0 |a Fiscal discipline and the cost of public debt service  |b some estimates for OECD countries  |c Francesco Caselli, Alberto Giovannini and Timothy Lane 
264 1 |a Washington  |b IMF  |c 1998 
300 |a 22 s. 
490 1 |a IMF Working Paper  |v 55 
830 0 |a IMF Working Paper  |v 55 
610 2 0 |a dlhy štátne 
610 2 0 |a dlhy verejné 
610 2 0 |a disciplína finančná 
610 2 0 |a politika finančná 
610 2 0 |a politika fiškálna 
610 2 0 |a rozpočet štátny 
610 2 0 |a OECD 
100 1 |a Caselli, Francesco 
700 1 |a Giovannini, Alberto 
700 1 |a Lane, Timothy